| 000 | 00665cam a22001934a 4500 | ||
|---|---|---|---|
| 005 | 20250605164354.0 | ||
| 008 | 250528s ||||||||||||||||||||||||d | ||
| 035 | _a24207 | ||
| 020 | _a9282683915 | ||
| 040 |
_aGR-AtMCL _bgre _dGR-AtMCL _eAACR2 |
||
| 245 | 1 | _aFreedom of Movement | |
| 260 |
_bOffice For Official Publications Of The European Communities, _c1994 |
||
| 300 | _a12 | ||
| 520 | _aFreedom of Movement and Security, Free Movement of People and European Integration, The Fast Track to Mobility, Action of EU Level, Choice of Residence. | ||
| 710 | 2 |
_aEuropean Commission _99764 |
|
| 942 | _cCR | ||
| 999 |
_c9101 _d9101 |
||